000 00939nam a22002297a 4500
999 _c5257
_d5257
003 AR-CdUCM
008 190312b ||||| |||| 00| 0 spa d
020 _a9972-691-01-2
040 _aMUNICIPALIDAD PROVINCIAL DEL CUSCO
_cBIBLIOTECA MUNICIPAL DEL CUSCO
082 _a498.5 /
_bP83
100 _aPozzi-Escot, Inés
_915917
245 _aEl multilingüismo en el Perú /
260 _aCuzco :
_bCentro de Estudios Regionales Andinos Bartolomé de Las Casas ; Cochabamba : Programa de Formación en Educación Intercultural Bilingüe para los Países Andinos,
_c1998.
300 _a307 páginas ;
_bmapas ;
_c24 cm.
440 _aBiblioteca de la tradición oral andina.
_n17
_915918
505 _aContenido: Familias amozónicas -- Familia aimara y sus variantes -- Familia quechua y sus variantes.
650 _aMultilingüismo
_915919
650 _aLingüística
_91640
650 _aPerú
_935
942 _2ddc
_cLIBROS
945 _azta